00342nam a22001337a 4500020001500000020001900015082001300034100002000047245004800067260003700115300001200152650002000164650002400184 a8131803724 a978-8131803721 a302.2GUP aGupta, Sadhana  aCommunication Skills and Functional Grammar aDelhi:bGoswami Printers,c2008. a279p. ; aEnglish Grammar aFunctional English